Gaming Quiz

Random Gaming or Video Games Quiz

Poké-location Quiz Stats

Quiz Updated Oct 8, 2013

Also try: P-P-P-Pokéface!
Challenge
Share
Tweet
Embed
Score 0/14 Timer 05:00
1 Play Today
Pokémon Area % Correct
Bulbasaur - Squirtle - CharmanderPallet Town
86.7%
Caterpie - Kakuna - PikachuViridian Forest
86.3%
Zubat - Paras - ClefairyMt. Moon
84.4%
Kangaskhan - Chansey - ScytherSafari Zone
79.6%
Voltorb - Magnemite - ElectabuzzPower Plant
77.8%
Diglett - DugtrioDiglett's Cave
77.3%
Aerodactyl - Kabuto - Missingno.Cinnabar Island
63.3%
Pokémon Area % Correct
Gastly - Cubone - HaunterPokémon Tower
63.3%
Golbat - Marowak - MachokeVictory Road
63.1%
Abra - Porygon - DratiniGame Corner
60.3%
Geodude - Onix - MachopRock Tunnel
54.2%
Seel - Staryu - SlowbroSeafoam Islands
52.1%
Growlithe - Koffing - MukPokémon Mansion
44.6%
Hypno - Ditto - SandslashCerulean Cave
38.1%

You're not logged in!

Compare scores with friends on all Sporcle quizzes.
Join for Free
OR
Log In

You Might Also Like...

Show Comments

Extras

Top Quizzes Today


Score Distribution

Your Account Isn't Verified!

In order to create a playlist on Sporcle, you need to verify the email address you used during registration. Go to your Sporcle Settings to finish the process.

Report this User

Report this user for behavior that violates our Community Guidelines.

Details: